000
00292nam a2200121Ia 4500
008
190216s9999||||xx |||||||||||||| ||und||
100
_a
Jawadekar
245
0
_a
Management Information Systems
260
_b
Tata Mcgrawhill Publishers
_c
2003
300
_a
726
650
_a
Commerce
942
_c
BK
999
_c
6558
_d
6558